| 000 | 00383nam a2200169Ia 4500 | ||
|---|---|---|---|
| 003 | 0STCL | ||
| 008 | 150530s9999 xx 000 0 und d | ||
| 040 |
_aSTCL _cSTCL |
||
| 100 | _aAlice, Hegan Rice | ||
| 245 | _aMrs. Wiggs of th Cabage patch | ||
| 250 | _aTwenty second | ||
| 260 | _c1915 | ||
| 546 | _aEnglish | ||
| 942 |
_2ddc _cBK |
||
| 999 |
_c57412 _d57412 |
||
| 005 | 20220125171028.0 | ||